Adèle - Paroles Skyfall - Statistiques

Statistiques générales
  • Ce quiz a été pris 272 fois
  • Le résultat moyen est 216 sur 287
Statistiques - réponses
Hint Réponse % Correct
the
99%
A
98%
I
98%
sky
98%
is
93%
and
91%
And
91%
fall
91%
fall)
91%
Couplet 1 This
91%
this
91%
You
91%
you
91%
end
90%
to
90%
it
88%
Outro | Post-refrain | Refrain Let
87%
(let
87%
When
85%
(when
85%
We
84%
we
84%
(we
84%
your
84%
Ooh
80%
together
80%
all
77%
ten
76%
my
74%
count
73%
stand
73%
will
73%
Face
72%
Hear
72%
Skyfall
72%
where
72%
Where
72%
crumbles
71%
crumbles)
71%
Hold
71%
breath
70%
then
70%
Feel
68%
never
68%
heart
66%
tall
66%
tall)
66%
be
64%
But
64%
have
64%
can
62%
in
62%
move
62%
see,
61%
see
61%
go,
60%
go
60%
name
60%
number,
60%
again
59%
hand
59%
me
58%
moment
58%
So
58%
What
57%
At
56%
take
56%
know
55%
For
54%
Put
54%
Earth
53%
security
52%
may
51%
start
51%
Without
51%
burst
50%
you'll
50%
from
49%
I'm
49%
Keeping
48%
loving
48%
are
47%
we'll
47%
arms
46%
I've
46%
overdue,
43%
stolen
42%
away,
40%
Of
40%
dark
39%
apart
38%
miles
38%
them
38%
thousand
38%
dreamt
37%
harm
37%
Swept
37%
days
33%
owe
33%
collide
32%
worlds
31%
drowned
30%
I'd
30%
poles
23%
Aucun quiz correspondant
Distribution des résultats
% des personnes avec chaque résultat
Percentile par nombre de réponses
Votre historique - résultats
Vous n’avez pas pris ce quiz